World oil market - new challenges and increasing risks in the context of resulting consequences for the competitiveness of the EU
Hodnotenie faktorov vplyvu na globálne ceny ropy. Rola Číny v procese cenotvorby ropy; OPEC, zdvihnuté sankcie voči Iránu a konflikt na Ukrajine. Odporúčania ohľadom možností zvýšenia konkurencieschopnosti Európskej únie na trhoch s ropou.
Gespeichert in:
| 1. Verfasser: | |
|---|---|
| Weitere Verfasser: | , |
| Format: | Buchkapitel |
| Sprache: | Englisch |
| Schlagworte: | |
| Tags: |
Keine Tags, Fügen Sie das erste Tag hinzu!
|
MARC
| LEADER | 00000nla a2200000 4500 | ||
|---|---|---|---|
| 001 | 0219522 | ||
| 005 | 20240531130222.8 | ||
| 041 | 0 | |a eng | |
| 044 | |a CZ | ||
| 245 | 1 | 0 | |a World oil market - new challenges and increasing risks in the context of resulting consequences for the competitiveness of the EU |c Peter Baláž, Lukáš Harvánek, Michaela Královičová |
| 520 | |a Hodnotenie faktorov vplyvu na globálne ceny ropy. Rola Číny v procese cenotvorby ropy; OPEC, zdvihnuté sankcie voči Iránu a konflikt na Ukrajine. Odporúčania ohľadom možností zvýšenia konkurencieschopnosti Európskej únie na trhoch s ropou. | ||
| 610 | 2 | 0 | |a Čína |
| 610 | 2 | 0 | |a konkurencieschopnosť |
| 610 | 2 | 0 | |a Európska únia |
| 610 | 2 | 0 | |a ropa |
| 610 | 2 | 0 | |a trh |
| 610 | 2 | 0 | |a plyn bridlicový |
| 100 | 1 | |a Baláž, Peter | |
| 700 | 1 | |a Harvánek, Lukáš | |
| 700 | 1 | |a Královičová, Michaela | |